Statystyki dla TOP 15 Piosenek SBM

Kliknij tutaj aby rozwiązać quiz!

Ogólne statystyki

  • Ten quiz został rozwiązany 492 razy
  • Średni wynik to 6 z 15

Statystyki odpowiedzi

NumerTytuł% Poprawnych
2.California
89%
1.Eldorado
73%
10.Patointeligencja
62%
4.Jesteś ładniejsza niż na zdjęciach
53%
3.05:05
48%
12.Opowieści z doliny smoków
43%
11.Mogę dziś umierać
37%
15.Biały i Młody
34%
5.Janosik
34%
14.Delfin
31%
8.Meow
30%
9.Nadchodzi Lato
28%
13.Nowi Kumple
28%
6.Chłopaki nie płaczą
16%
7.Wow
12%

Rozkład punktacji

Percentyl według liczby udzielonych odpowiedzi

Procent ludzi z każdym wynikiem

Twoja historia wyników

Nie rozwiązałeś tego quizu